| 000 | 02245nam0a2200409 4500 | ||
|---|---|---|---|
| 001 | RU\NLR\BIBL_A\022635500 | ||
| 005 | 20260310152723.0 | ||
| 010 |
_a978-5-9275-4934-4 _9300 |
||
| 021 |
_aRU _bКН-П-25-048587 _9КН-П-25-4702 |
||
| 035 | _a(NLR Aleph) 022635500 | ||
| 090 |
_a13632549 _c13632549 |
||
| 100 | _a20251002d2025 k y0rusy50 ca | ||
| 101 | 1 |
_arus _carm |
|
| 102 | _aRU | ||
| 105 | _aa z 000zb | ||
| 181 | 0 |
_ai _bxxxe |
|
| 182 | 0 | _an | |
| 200 | 1 |
_aМикаэл Налбандянц _eбиографический историко-этнографический очерк в двух частях _fЕрванд Шахазиз _gперевод [с армянского] Г. М. Григоряна _gИнститут социологии и регионоведения Южного федерального университета, Центр Арменоведения |
|
| 203 |
_aТекст _bвизуальный _cнепосредственный |
||
| 210 |
_aРостов-на-Дону _aТаганрог _cИзд-во ЮФУ _d2025 |
||
| 215 |
_a140 с. _cил. _d20 |
||
| 225 | 1 |
_aИстория армян Дона _eисследования и документы _fЦА |
|
| 300 | _aЗагл. обл.: Микаэл Налбандян | ||
| 300 | _aВ предисл. авт.: арм. историк, этнограф и филолог Ерванд Овагемович Шахазиз | ||
| 327 | 1 | _aСодерж.: Ч. 1. Микаэл Налбандянц в Индии ; Ч. 2. Микаэл Налбандянц в Санкт-Петербурге | |
| 512 | 1 | _aМикаэл Налбандян | |
| 600 | 1 |
_aНалбандян _bМ. _f1829 - 1866 _gМикаэл _91774330 _3RU\NLR\AUTH\66797053 |
|
| 686 | 1 | _aТ3(2)51-8 | |
| 686 | 1 | _aШ5(2=Ар)5-4Налбандян | |
| 700 | 1 |
_7ca _8rus _aШахазиз _bЕ. А. _f1856-1951 _gЕрванд Акимович _92692144 _3RU\NLR\AUTH\770288396 |
|
| 702 | 1 |
_4280 _7ca _8rus _aНалбандян _bМ. Л. _f1829-1866 _gМикаэл Лазаревич _92692151 _3RU\NLR\AUTH\770288403 |
|
| 942 | _cBOOK | ||
| 980 | _aNB | ||